Songs of innocence and experience : a casebook

Αποθηκεύτηκε σε:
Λεπτομέρειες βιβλιογραφικής εγγραφής
Άλλοι συγγραφείς: Bottrall, Margaret (Επιμελητής έκδοσης)
Μορφή: Βιβλίο
Γλώσσα:English
Δημοσίευση: London : MacMillan, 1970
Σειρά:Casebook series
Θέματα:
Ετικέτες: Προσθήκη ετικέτας
Δεν υπάρχουν, Καταχωρήστε ετικέτα πρώτοι!

MARC

LEADER 00000nam a2200000 i 4500
001 1/20100
008 970610s1970 eng d
020 |a 0-333-09392-5 
035 |a 1994  |b 3  |c Τσουτσουλοπούλου  |l 10035948 
040 |a GR-MY-UA  |b gre  |e aacr 
041 0 |a eng 
082 0 |a 821.7 
245 1 0 |a Songs of innocence and experience :  |b a casebook /  |c edited by Margaret Bottrall 
260 |a London :   |b MacMillan,   |c 1970 
300 |a 245 p. 
490 1 |a Casebook series 
600 0 0 |a Blake William  |d 1757-1827.  |t Songs of innocence and of experience.  |t Songs of innocence and of experience. 
700 1 |a Bottrall, Margaret.  |4 edt 
830 0 |a Casebook series 
852 |a INST  |b RHODES  |e 19970610  |h 821.7 BLA  |p 005400007704  |q 005400007704  |t BK  |y 0 
909 |a Ρ  |b 037244  |c 1994